| 000 | 00438nam a2200145 a 4500 | ||
|---|---|---|---|
| 005 | 20140414132059.0 | ||
| 008 | 100524s19uu xx 00 eng d | ||
| 050 |
_aREF 560 _bW35 1993 |
||
| 100 | _aWalters, Martin | ||
| 245 | _aThe illustrated dictionary of prehistoric life. | ||
| 260 |
_aWiltshire, UK : _bMerlion pub ltd, _c1993. |
||
| 440 | _aThe illustrated dictionaries of science. | ||
| 650 | _aPrehistoric life | ||
| 999 |
_c114408 _d114408 |
||